Responses for Show #8633 - Wednesday, May 4, 2022

Mattea Roach game 22.

Contestants

[<< previous game]

Jaime Sisson, a Fair and Responsible banking manager from Madison, Mississippi

Kelly Flynn, a high school English teacher from Exeter, New Hampshire

Mattea Roach, a tutor from Toronto, Ontario, Canada (whose 21-day cash winnings total $506,584)

[next game >>]

Jeopardy! Round responses

KEEPIN' UP WITH NASA
NEW YORK STATE HISTORY
THE REALITY OF TV
HUNDREDS
"A" MY NAME IS...
PREFIXED PAIRS
(Ken: A sample response here would be like omnivore and omnibus.)
    $200 1
(Mattea: What is oxygen?)
(Jaime: What is water?)
(Kelly: What is nitrogen?)
...
(Ken: [Throws hands up] And that's the end of Jeopardy! Sorry, you're all at negative $200. Game over.)
[Laughter]

carbon

MatteaKellyJaime
Triple Stumper
    $200 23
Albany

Kelly
    $200 13
Dancing with the Stars

Jaime
    $200 18
(Mattea: What is Forbes?)

Fortune

MatteaJaime
    $200 3
Amy

Mattea
    $200 8
contradict & contraception

Jaime
    $400 2
(Mattea: We have to get out of there--"A" MY NAME IS... for $200.)

a larger mirror

Triple Stumper
    $400 24
the air conditioner

Kelly
    $400 14
New Jersey

Mattea
    $400 19
the 800 meter

Mattea
    $400 4
Arthur

Mattea
    $400 9
hypertension & hyperspace

Triple Stumper
    $600 28
the Sun

Jaime
    $600 25
Niagara Falls

Jaime
    $600 15
The Voice

Mattea
    $600 20
300

Mattea
    $600 5
Anna

Mattea
    $600 10
(Kelly: [*].)
(Ken: Remember your phrasing.)
(Kelly: What is [*]?)

demographics & democracy

Kelly
    $800 29
an asteroid

Mattea
    $800 26
(Kelly: Who was Hubert Humphrey?)

(Thomas) Dewey

MatteaKelly
    $800 16
The Real World

Kelly
    $800 21
a centurion

Mattea
    $800 6
Agnes

Mattea
    $1,000 11
antivenom (antidote) & antipope

Kelly
    $1000 30
Artemis

Triple Stumper
    $1000 27
Peter Stuyvesant

Triple Stumper
    $1000 17
Naked and Afraid

Kelly
    $1000 22
the 900s

Triple Stumper
    $1000 7
(Ken: You ran the category.)
(Mattea: That was much better.)

Anais

Mattea
    $1000 12
telemarketing & telekinesis

Jaime

Scores at the first commercial break (after clue 15):

Mattea Kelly Jaime
$3,800 $1,400 $1,200

Scores at the end of the Jeopardy! Round:

Mattea Kelly Jaime
$7,000 $3,000 $2,600

Double Jeopardy! Round responses

IT'S YOUR TOP 40 PRESIDENTIAL COUNTDOWN
AFRICA
I CREATED THAT FICTIONAL PLACE!
WORLD CURRENCIES
THE MOVIES
THESE WORDS MEAN NO OFFENSE
    $400 12
Grant

Mattea
    $400 7
Giza

Mattea
    $400 21
Baum

Jaime
    $400 2
a peso

Mattea
    $400 1
Don't Look Up

Mattea
    $400 26
(Mattea: What is dumb?)
(Ken: No.)
(Mattea: Dummy, I don't know.)

dope

MatteaJaime
    $800 13
Silent Cal (Calvin Coolidge)

Triple Stumper
    $800 8
Kilimanjaro

Jaime
    $800 22
Tolkien

Jaime
    $800 3
(Kelly: What is a ruble?)
...
(Ken: They use [*].)
(Mattea: Oh, of course.)
[Laughter]

the euro

Kelly
Triple Stumper
    $800 17
Dr. Strangelove

Mattea
    $800 27
a clod

Kelly
    $1200 14
(Mattea: Helps that 30 was right before.)
[Ken laughs]

Harding

Mattea
    $1200 9
Morocco

Mattea
    $1200 23
(Kelly: Who is Swift?)
...
(Ken: It looks Welsh, that made-up name, it's [*].)

Dylan Thomas

Kelly
Triple Stumper
    $1200 4
yen

Mattea
    $1200 18
Almodóvar

Kelly
    $2,000 28
(Kelly: [Sighs])
(Ken: Kelly?)
(Kelly: Yeah.)

an oxymoron

Kelly
    $1600 15
Andrew Johnson

Mattea
    $1600 10
(Kelly: What is Khmer?)

Serengeti National Park

Kelly
Triple Stumper
    $1600 24
(Ken: Now it's [*].)

Swift

Mattea
    $3,000 5
the rupee

Mattea
    $1600 19
King Richard

Mattea
    $1600 29
a dumbwaiter

Jaime
    $2000 16
Reagan

Mattea
    $2000 11
Zambia

Mattea
    $2000 25
(Kelly: Ah. Moore?)
(Ken: No, I'm sorry.)
(Kelly: Who is Moore?)
...
(Ken: [*], the author of Erewhon.)

Samuel Butler

Kelly
Triple Stumper
    $2000 6
a shekel

Mattea
    $2000 20
David Lynch

Mattea
    $2000 30
a jerkin

Triple Stumper

Scores at the end of the Double Jeopardy! Round:

Mattea Kelly Jaime
$28,400 -$2,600 $6,600
(lock game)

[wagering suggestions for these scores]

Final Jeopardy! Round responses

THE CIVIL WAR
(Ken: [To Jaime] Yes, it rhymes. "Too slow to beat 'em" rhymes with [*].)
...
(Ken: [To Mattea] Yes, you cannot fool a former Rick Astley backup singer so easily.)
[Laughter]
JaimeWhat is Antedam?
$6,600
MatteaWhat is Antietam? (because it rhymes?)
$0
Antietam

Final scores:

Mattea Kelly Jaime
$28,400 -$2,600 $13,200
22-day champion: $534,984 3rd place: $1,000 2nd place: $2,000

Game dynamics:

Coryat scores:

Mattea Kelly Jaime
$27,000 -$800 $6,600
28 R
(including 1 DD),
3 W
8 R
(including 1 DD),
7 W
(including 1 DD)
11 R,
1 W

Combined Coryat: $32,800

[game clues] [game scores] [suggest correction]

Game tape date: 2022-02-15
The J! Archive is created by fans, for fans. Scraping, republication, monetization, and malicious use prohibited; this site may use cookies and collect identifying information. See terms. The Jeopardy! game show and all elements thereof, including but not limited to copyright and trademark thereto, are the property of Jeopardy Productions, Inc. and are protected under law. This website is not affiliated with, sponsored by, or operated by Jeopardy Productions, Inc. Join the discussion at JBoard.tv.